000 00499 a2200181 4500
001 066074
003 OSt
005 20210909151120.0
008
082 _a306
_bN42N
245 1 _aNew cultural studies
_cedited by Gary Hall and Clave Birchall
260 _aEdinburgh
_bEdinburgh University Press
_c2006
300 _a324p.
690 _aCulture; Culture--Study and teaching
700 _aHall, Gary, ed.
700 _aBirchall, Clave, ed.
942 _2ddc
_cBK
999 _c266
_d266